Städteraten - Australien und Ozeanien - Statistiken

Allgemein
  • Dieses Quiz wurde 62 mal gespielt
  • Das Durchschnittsergebnis liegt bei 11 aus 15
Antwortstatistiken
Hint Antwort % Korrekt
Hauptstadt Australiens Canberra / Australien
100%
Berühmt für das ... Opera House Sydney / Australien
95%
Neuseelands Hauptstadt Wellington / Neuseeland
93%
Bekannteste Stadt auf Hawaii Honolulu / USA
90%
Metropole im australischen Westen Perth / Australien
90%
Größte Stadt des Kontinents Melbourne / Australien
88%
Größter Ballungsraum Neuseeland Auckland / Neuseeland
79%
Benannt nach britischen Evolutionsforscher Darwin / Australien
79%
Benannt nach Adelheid von Sachsen-Meiningen Adelaide / Australien
74%
Hauptstadt von Queensland Brisbane / Australien
74%
Größte Stadt auf Neuseelands Südinsel Christchurch / Neuseeland
67%
Hauptstadt des Landes Papua-Neuguinea Port Moresby / Papua-Neuguinea
64%
Hauptort auf Tasmanien Hobart / Australien
57%
Regierungssitz auf den Fidschi Inseln Suva / Fidschi
52%
Berühmteste Stadt Samoas Apia / Samoa
36%
Keine übereinstimmenden Quizze gefunden
Verteilung der Resultate
Anzahl Personen mit jedem Resultat
Perzentil nach korrekt beantworteten Fragen
Ihre Resultats-Entwicklung
Sie haben dieses Quiz noch nicht gespielt